00843nam a22002537a 45000010005000000030006000050050017000110080041000280200016000690400029000850500017001140820008001311000022001392450046001612600037002073000049002444900036002935050008003295200142003375210029004795210020005086500025005286500036005539842FISKH20260304114612.0260304b cb ||||| |||| 00| 0 eng d a97804395663 aFISKHbengcFISKHdFISKH aQE365.2 .H57 a552 aHirschmann , Kris aRocks and minerals / cBy Kris Hirschmann aNew York : bScholastic ,c2004. a31 pages : bcolor illustrations ;c22 cm .  aWorld Discovery Science Readers aQ  aJourney into the fascinating world of rocks and minerals. Learn about rare crystals and gems, and how we use rocks in our everyday lives 8 a660 bLexile estimate 8 aQ bRaz-Plus  aGeologyvNon-fiction aRocks and mineralsvNon-fiction